[Event "Knighthood Blitz"]
[Site "Vishy Anand Arena"]
[Date "2020.08.01"]
[Round "10"]
[White "Johncking"]
[Black "Pavala"]
[Result "1-0"]
[WhiteElo "2315"]
[BlackElo "2125"]
[PlyCount "69"]
[EventDate "2020.08.01"]
[EventType "swiss (blitz)"]

1. e4 e5 2. Nf3 Nc6 3. Bb5 Nd4 4. Nxd4 exd4 5. O-O Bc5 6. d3 c6 7. Ba4 d5 8. Nd2 Ne7 9. c3 dxc3 10. bxc3 dxe4 11. Nxe4 Bb6 12. Ba3 O-O 13. Re1 Be6 14. Ng5 Qd7 15. d4 Rae8 16. Nxe6 fxe6 17. Bb3 Rf6 18. Qh5 Nd5 19. Bb2 Rh6 20. Qe2 Bc7 21. g3 Rf8 22. c4 Nf4 23. gxf4 Bxf4 24. c5 Bxh2+ 25. Kg2 Qe7 26. Rh1 Qg5+ 27. Kf1 Bg3 28. Rxh6 Rxf2+ 29. Qxf2 Bxf2 30. Rxe6 Qg1+ 31. Ke2 Qg4+ 32. Kxf2 Qf4+ 33. Ke2 Qh2+ 34. Kd3 Qg3+ 35. Re3+ 1-0

[Event "Knighthood Blitz"]
[Site "Vishy Anand Arena"]
[Date "2020.08.01"]
[Round "10"]
[White "Gak_chess"]
[Black "MasteredUI"]
[Result "1-0"]
[WhiteElo "2299"]
[BlackElo "2346"]
[PlyCount "45"]
[EventDate "2020.08.01"]
[EventType "swiss (blitz)"]

1. d4 Nf6 2. c4 e6 3. Nf3 Bb4+ 4. Nbd2 d5 5. e3 O-O 6. a3 Bd6 7. Bd3 c6 8. O-O Nbd7 9. e4 dxe4 10. Nxe4 Nxe4 11. Bxe4 f5 12. Bc2 e5 13. c5 Bc7 14. Bb3+ Kh8 15. Ng5 Qf6 16. Qh5 h6 17. Ne6 exd4 18. Nxc7 Nxc5 19. Ba2 Qd6 20. Nxa8 f4 21. Re1 f3 22. Re8 fxg2 23. Qf7 1-0

[Event "Knighthood Blitz"]
[Site "Vishy Anand Arena"]
[Date "2020.08.01"]
[Round "10"]
[White "VugarAsadli"]
[Black "ASB"]
[Result "1/2-1/2"]
[WhiteElo "2283"]
[BlackElo "2053"]
[PlyCount "117"]
[EventDate "2020.08.01"]
[EventType "swiss (blitz)"]

1. e4 d5 2. exd5 Nf6 3. c4 c6 4. Nc3 cxd5 5. cxd5 Nxd5 6. Nf3 Nc6 7. Bb5 Nxc3 8. bxc3 Bd7 9. O-O e6 10. d4 Bd6 11. Bd3 Ne7 12. Re1 Ng6 13. c4 O-O 14. Bg5 Be7 15. Bxe7 Qxe7 16. d5 Qd6 17. Be4 exd5 18. cxd5 Rfe8 19. Qb3 b6 20. Rad1 Rad8 21. Re3 f5 22. Bb1 Rxe3 23. Qxe3 Re8 24. Qd4 Nf4 25. Kh1 Ne2 26. Qd2 Nf4 27. g3 Nxd5 28. a3 Bc6 29. Ba2 Rd8 30. Kg1 Kh8 31. Ng5 Kg8 32. Qc1 h6 33. Nf3 Kh8 34. Nd4 Bb7 35. Nxf5 Qf6 36. Nh4 Rc8 37. Qd2 Nc3 38. Re1 Ne4 39. Qe3 Ng5 40. f4 Nh3+ 41. Kf1 g5 42. Qe7 Qxe7 43. Ng6+ Kg7 44. Rxe7+ Kxg6 45. Rxb7 gxf4 46. Be6 Rc1+ 47. Kg2 Ng5 48. Bd5 f3+ 49. Kf2 Rc2+ 50. Kf1 Rc1+ 51. Kf2 Rc2+ 52. Kf1 Rxh2 53. Rxa7 Kf5 54. Rb7 Ke5 55. Bc6 Rh1+ 56. Kf2 Rh2+ 57. Kf1 Rh1+ 58. Kf2 Rh2+ 59. Kf1 1/2-1/2

[Event "Knighthood Blitz"]
[Site "Vishy Anand Arena"]
[Date "2020.08.01"]
[Round "10"]
[White "Vinniethepooh"]
[Black "Indian-Lion"]
[Result "0-1"]
[WhiteElo "2253"]
[BlackElo "2456"]
[Annotator "TA"]
[PlyCount "92"]
[EventDate "2020.08.01"]
[EventType "swiss (blitz)"]

1. d4 e6 2. c4 Nf6 3. Nc3 Bb4 4. f3 c5 5. d5 O-O 6. e4 b5 7. e5 Ne8 8. f4 bxc4 9. Bxc4 Ba6 10. Bxa6 Nxa6 11. Nf3 Nec7 12. d6 Nd5 13. Bd2 Bxc3 14. bxc3 c4 15. O-O Nc5 16. Qe2 Nd3 17. Qe4 Qb6+ 18. Qd4 f6 19. exf6 Rxf6 20. Qxb6 axb6 21. Ne5 Nxe5 22. fxe5 Rxf1+ 23. Kxf1 Ra3 24. Ke2 Kf7 25. Kd1 Kg6 26. Kc2 Kf5 27. Kb2 Ra8 28. Re1 h5 29. h3 b5 30. g4+ hxg4 31. hxg4+ Kxg4 32. Rg1+ Kf5 33. Rxg7 Ra7 34. Rg5+ Ke4 35. Rh5 Kd3 36. Bg5 Nb6 37. Rh3+ Ke4 38. Re3+ Kd5 39. Bf6 Na4+ 40. Kc2 Nc5 41. Kb1 Ra3 42. Rg3 Na4 43. Rg7 Nxc3+ 44. Kb2 b4 45. Rxd7 Rxa2+ 46. Kc1 b3 0-1

[Event "Knighthood Blitz"]
[Site "Vishy Anand Arena"]
[Date "2020.08.01"]
[Round "10"]
[White "Aradhya"]
[Black "lsr"]
[Result "1-0"]
[WhiteElo "2245"]
[BlackElo "2122"]
[PlyCount "105"]
[EventDate "2020.08.01"]
[EventType "swiss (blitz)"]

1. e4 c6 2. d4 d5 3. exd5 cxd5 4. Bd3 Nc6 5. c3 Nf6 6. Bf4 g6 7. Nd2 Bf5 8. Bxf5 gxf5 9. Ngf3 e6 10. O-O Bd6 11. Bxd6 Qxd6 12. Qe2 Ne4 13. Ne5 Nxd2 14. Qxd2 Nxe5 15. dxe5 Qxe5 16. Rfe1 Qd6 17. c4 d4 18. Qa5 O-O 19. Rad1 b6 20. Qd2 Rfd8 21. Qg5+ Kf8 22. Qh6+ Ke7 23. Qh4+ Kf8 24. Rd3 e5 25. Qxh7 e4 26. Rg3 Qf6 27. Qh5 Ke7 28. Qd1 Rg8 29. Qd2 Rxg3 30. hxg3 Rh8 31. Qf4 Rd8 32. g4 d3 33. gxf5 d2 34. Qxe4+ Kf8 35. Rd1 Qxb2 36. Qh4 Qd4 37. Qh6+ Ke7 38. Qg5+ Qf6 39. Qe3+ Kf8 40. g4 Qd6 41. Kf1 Qc6 42. Rxd2 Qxc4+ 43. Re2 Rd1+ 44. Kg2 Qxg4+ 45. Kh2 Qg1+ 46. Kh3 Qh1+ 47. Kg4 Rg1+ 48. Kf4 Qh4+ 49. Ke5 Qe7+ 50. Kd4 Qb4+ 51. Kd3 Rd1+ 52. Rd2 Qb1+ 53. Kd4 1-0

[Event "Knighthood Blitz"]
[Site "Vishy Anand Arena"]
[Date "2020.08.01"]
[Round "10"]
[White "Superind2002"]
[Black "lnram"]
[Result "1-0"]
[WhiteElo "2238"]
[BlackElo "2359"]
[Annotator "NA"]
[PlyCount "59"]
[EventDate "2020.08.01"]
[EventType "swiss (blitz)"]

1. e4 c5 2. Nf3 e6 3. d4 cxd4 4. Nxd4 a6 5. Bd3 Bc5 6. Nb3 Be7 7. O-O Qc7 8. Nc3 Nf6 9. f4 d6 10. Qf3 Nc6 11. Kh1 O-O 12. g4 b6 13. g5 Nd7 14. Be3 Bb7 15. Qh5 Nc5 16. Rf3 g6 17. Qh6 f5 18. Rh3 Rf7 19. Kg1 Nb4 20. Bd4 fxe4 21. Qxg6+ Kf8 22. Rxh7 Rxh7 23. Qxh7 Ke8 24. Nxe4 Nxe4 25. Bxe4 Bxe4 26. Qxe4 d5 27. Qxe6 Qxf4 28. Bf6 Ra7 29. Re1 Qc7 30. Qg8+ 1-0

[Event "Knighthood Blitz"]
[Site "Vishy Anand Arena"]
[Date "2020.08.01"]
[Round "10"]
[White "Adityass"]
[Black "Debashisdas"]
[Result "1-0"]
[WhiteElo "2226"]
[BlackElo "2384"]
[Annotator "TA"]
[PlyCount "65"]
[EventDate "2020.08.01"]
[EventType "swiss (blitz)"]

1. e4 e5 2. Nf3 Nc6 3. d4 exd4 4. Bc4 Nf6 5. O-O Nxe4 6. Re1 d5 7. Nc3 dxc3 8. Bxd5 Be7 9. Bxc6+ bxc6 10. Qxd8+ Kxd8 11. Rxe4 cxb2 12. Bxb2 f6 13. Rd1+ Bd6 14. Ba3 Rb8 15. Red4 Re8 16. c4 Re2 17. c5 Rxa2 18. Bc1 Rb1 19. cxd6 Raa1 20. Rc4 Bd7 21. dxc7+ Kxc7 22. h3 Be6 23. Rc3 Bd5 24. Bf4+ Kb6 25. Rxb1+ Rxb1+ 26. Kh2 a5 27. Nd4 a4 28. Be3 Kb7 29. Ra3 Rb4 30. Nf5 g6 31. Bc5 Rb3 32. Nd6+ Kc7 33. Rxa4 1-0

[Event "Knighthood Blitz"]
[Site "Vishy Anand Arena"]
[Date "2020.08.01"]
[Round "10"]
[White "Lightsaber"]
[Black "Skkeyan"]
[Result "0-1"]
[WhiteElo "2195"]
[BlackElo "2179"]
[Annotator "NA"]
[PlyCount "174"]
[EventDate "2020.08.01"]
[EventType "swiss (blitz)"]

1. Nf3 d5 2. b3 Bf5 3. Bb2 e6 4. e3 Nf6 5. Be2 h6 6. d4 Bd6 7. O-O Nbd7 8. c4 c6 9. Nc3 O-O 10. Bd3 Ne4 11. Qc2 Ndf6 12. h3 Bh7 13. Nd2 Nxd2 14. Qxd2 Bxd3 15. Qxd3 dxc4 16. Qxc4 e5 17. Rad1 Qe7 18. Ne2 Rad8 19. Qc2 Rfe8 20. Qb1 e4 21. Nc3 Nd5 22. Rc1 f5 23. Qc2 Bb8 24. Qe2 Kh7 25. Qc4 Qd6 26. g3 Nxe3 27. Qe2 Nxf1 28. Rxf1 f4 29. Nxe4 Qg6 30. f3 fxg3 31. Kg2 Bf4 32. Qc4 Rxe4 33. fxe4 Qxe4+ 34. Rf3 Bd6 35. Qd3 Qxd3 36. Rxd3 Re8 37. Kf1 g2+ 38. Kg1 Re1+ 39. Kxg2 Re2+ 40. Kf3 Rxb2 41. a4 Rh2 42. Ke4 Kg6 43. Rf3 Re2+ 44. Kd3 Re8 45. Kc4 b6 46. b4 Rf8 47. Re3 Kf7 48. b5 cxb5+ 49. axb5 g5 50. Kd5 Bf4 51. Rc3 h5 52. Ra3 Rd8+ 53. Ke4 Rd7 54. d5 Kf6 55. Ra4 h4 56. Ra3 Bd6 57. Ra2 Re7+ 58. Kd4 Kf5 59. Rf2+ Bf4 60. Rc2 g4 61. hxg4+ Kxg4 62. Rc6 h3 63. Rg6+ Kf3 64. d6 Rd7 65. Kd5 Rxd6+ 66. Rxd6 Bxd6 67. Kxd6 h2 68. Kc6 h1=Q 69. Kb7 Qa1 70. Kc6 Qa5 71. Kb7 Ke4 72. Kb8 Kd5 73. Kb7 Kd6 74. Kb8 Qxb5 75. Kb7 Qd7+ 76. Ka6 b5 77. Ka5 Kc5 78. Ka6 Qc6+ 79. Kxa7 Qd6 80. Ka8 Kc4 81. Kb7 b4 82. Ka7 b3 83. Ka8 b2 84. Kb7 Qb4+ 85. Ka7 Kc5 86. Ka8 Kc6 87. Ka7 Qb7# 0-1

[Event "Knighthood Blitz"]
[Site "Vishy Anand Arena"]
[Date "2020.08.01"]
[Round "10"]
[White "Mandrake"]
[Black "Hickey"]
[Result "1-0"]
[WhiteElo "2151"]
[BlackElo "2094"]
[Annotator "NA"]
[PlyCount "75"]
[EventDate "2020.08.01"]
[EventType "swiss (blitz)"]

1. c4 Nf6 2. d3 e5 3. g3 Nc6 4. Bg2 d5 5. cxd5 Nxd5 6. Nf3 Be7 7. O-O O-O 8. Nbd2 Be6 9. a3 Bf6 10. Ne4 Be7 11. Qc2 f6 12. Nc5 Bxc5 13. Qxc5 Qe7 14. Qc2 Rfd8 15. Bd2 Rac8 16. Rac1 Qd7 17. Rfe1 Nde7 18. b4 a6 19. Qb2 Nf5 20. Bc3 Rb8 21. Nd2 Ncd4 22. Ne4 Bd5 23. Nc5 Qf7 24. e4 b6 25. Nxa6 Ra8 26. Nxc7 Qxc7 27. Bxd4 Qa7 28. Bc3 Bc6 29. exf5 Bxg2 30. Kxg2 Rxd3 31. Qe2 Rad8 32. Red1 Qa6 33. Rxd3 Rxd3 34. Qe4 h6 35. Be1 Kh7 36. Rc7 Qb5 37. Qg4 Rd7 38. Qg6+ 1-0

[Event "Knighthood Blitz"]
[Site "Vishy Anand Arena"]
[Date "2020.08.01"]
[Round "10"]
[White "Priyanka Nutakki"]
[Black "thor_attack"]
[Result "1-0"]
[WhiteElo "2145"]
[BlackElo "1889"]
[Annotator "NA"]
[PlyCount "57"]
[EventDate "2020.08.01"]
[EventType "swiss (blitz)"]

1. d4 Nf6 2. Nf3 g6 3. Bf4 Bg7 4. e3 d5 5. Bd3 O-O 6. O-O Bg4 7. Nbd2 c6 8. c3 Nbd7 9. h3 Bxf3 10. Nxf3 Re8 11. Ne5 Nxe5 12. Bxe5 Nd7 13. Bxg7 Kxg7 14. f4 Qc7 15. Qf3 Nf6 16. Rae1 c5 17. g4 e6 18. Kg2 c4 19. Bb1 Ng8 20. e4 dxe4 21. Bxe4 Rab8 22. f5 exf5 23. gxf5 Re7 24. f6+ Nxf6 25. Qxf6+ Kg8 26. Bxg6 Rxe1 27. Bxf7+ Kf8 28. Bd5+ Ke8 29. Rxe1+ 1-0

[Event "Knighthood Blitz"]
[Site "Vishy Anand Arena"]
[Date "2020.08.01"]
[Round "10"]
[White "Harishankkar"]
[Black "RACEKING"]
[Result "0-1"]
[WhiteElo "2133"]
[BlackElo "2357"]
[PlyCount "114"]
[EventDate "2020.08.01"]
[EventType "swiss (blitz)"]

1. e4 Nc6 2. d4 e5 3. d5 Nce7 4. c4 Ng6 5. Nc3 Bc5 6. Bd3 a6 7. Nge2 Nf6 8. O-O d6 9. h3 O-O 10. a3 Nh5 11. b4 Ba7 12. Na4 Qh4 13. c5 Bxh3 14. gxh3 Qxh3 15. f3 Nh4 16. Rf2 Nxf3+ 17. Rxf3 Qxf3 18. Nec3 Qg3+ 19. Kf1 Qh3+ 20. Ke1 Nf4 21. Bxf4 exf4 22. Qe2 f3 23. Qf2 f5 24. Kd2 dxc5 25. Nxc5 Rae8 26. Rg1 Qh6+ 27. Kc2 fxe4 28. N3xe4 Re5 29. Qg3 f2 30. Rf1 Qf4 31. Qh3 Bxc5 32. bxc5 Rxe4 33. Bxe4 Qxe4+ 34. Qd3 Qxd3+ 35. Kxd3 Rf6 36. Ke4 Kf7 37. Ke5 Ke7 38. d6+ cxd6+ 39. cxd6+ Kd7 40. Ke4 Re6+ 41. Kf3 Rxd6 42. Kg2 Rg6+ 43. Kh2 Rf6 44. Rd1+ Kc6 45. Rf1 Kd5 46. Kg2 Ke4 47. Rxf2 Rxf2+ 48. Kxf2 g5 49. Ke2 h5 50. Kf2 h4 51. Kg2 g4 52. Kh2 Kf3 53. Kg1 g3 54. Kh1 Kf2 55. a4 g2+ 56. Kh2 g1=Q+ 57. Kh3 Qg3# 0-1

[Event "Knighthood Blitz"]
[Site "Vishy Anand Arena"]
[Date "2020.08.01"]
[Round "10"]
[White "ilamparthi"]
[Black "Gamechanger"]
[Result "1-0"]
[WhiteElo "2115"]
[BlackElo "2150"]
[Annotator "NA"]
[PlyCount "73"]
[EventDate "2020.08.01"]
[EventType "swiss (blitz)"]

1. Nf3 d6 2. g3 e5 3. d3 f5 4. Bg2 g6 5. O-O Bg7 6. c4 Nc6 7. Nc3 Nf6 8. Rb1 O-O 9. b4 Ne7 10. c5 h6 11. a4 Kh7 12. Bd2 Rb8 13. b5 Be6 14. Qc2 g5 15. a5 Ng6 16. b6 axb6 17. cxb6 c6 18. Na4 Ra8 19. Bb4 Nd5 20. Bd2 Qd7 21. Rfc1 e4 22. dxe4 fxe4 23. Qxe4 Bf5 24. Qc4 Bxb1 25. Rxb1 Qf5 26. e4 Qg4 27. h3 Nxb6 28. Nxb6 d5 29. hxg4 dxc4 30. Nxa8 c3 31. Bxc3 Bxc3 32. Rxb7+ Kg8 33. a6 Rxa8 34. a7 Nf8 35. e5 Bb4 36. Rxb4 Rxa7 37. Rc4 1-0

[Event "Knighthood Blitz"]
[Site "Vishy Anand Arena"]
[Date "2020.08.01"]
[Round "10"]
[White "slienteyes"]
[Black "ItsTime"]
[Result "0-1"]
[WhiteElo "2106"]
[BlackElo "2140"]
[Annotator "NA"]
[PlyCount "128"]
[EventDate "2020.08.01"]
[EventType "swiss (blitz)"]

1. e4 c6 2. d4 d5 3. e5 Bf5 4. Nf3 e6 5. Be2 c5 6. Be3 Nc6 7. O-O Nge7 8. dxc5 Ng6 9. Bb5 Qc7 10. c4 dxc4 11. Na3 Bd3 12. Re1 Rd8 13. Qa4 Be7 14. Nxc4 Bxc4 15. Qxc4 O-O 16. Bxc6 Qxc6 17. b4 a6 18. a4 Rd5 19. b5 Qc7 20. c6 Rc8 21. Rac1 axb5 22. axb5 bxc6 23. b6 Qb7 24. Ra1 c5 25. Reb1 Rb8 26. h4 Qc6 27. h5 Nf8 28. Qb5 Qxb5 29. Rxb5 Nd7 30. b7 Bd8 31. Ra8 Bc7 32. Rxb8+ Bxb8 33. Nd2 Nxe5 34. Rxc5 Rxc5 35. Bxc5 Nd7 36. Be3 Kf8 37. Nb3 Ke7 38. Na5 Kd8 39. Nc6+ Kc7 40. Nxb8 Kxb8 41. f4 Kxb7 42. Bd4 g6 43. hxg6 hxg6 44. g4 Kc6 45. Kf2 Kd5 46. Ke3 Nc5 47. Bb2 Ne4 48. f5 Nd6 49. fxg6 fxg6 50. Kf4 Nf7 51. Ba1 e5+ 52. Bxe5 Nxe5 53. Kg5 Ke4 54. Kf6 Kf4 55. g5 Ke4 56. Kg7 Kf5 57. Kh6 Nf3 58. Kh7 Nxg5+ 59. Kg7 Ne6+ 60. Kg8 g5 61. Kh8 g4 62. Kg8 g3 63. Kh8 g2 64. Kh7 g1=Q 0-1

[Event "Knighthood Blitz"]
[Site "Vishy Anand Arena"]
[Date "2020.08.01"]
[Round "10"]
[White "shadow_master"]
[Black "Twobrothers"]
[Result "1/2-1/2"]
[WhiteElo "2099"]
[BlackElo "1825"]
[Annotator "NA"]
[PlyCount "111"]
[EventDate "2020.08.01"]
[EventType "swiss (blitz)"]

1. e4 e5 2. Nf3 Nc6 3. Bb5 a6 4. Ba4 Nf6 5. O-O Be7 6. Re1 b5 7. Bb3 d6 8. c3 O-O 9. h3 Na5 10. Bc2 c5 11. d4 Qc7 12. Nbd2 cxd4 13. cxd4 Nc6 14. d5 Nb4 15. Bb1 a5 16. a3 Na6 17. Nf1 Bd7 18. Be3 b4 19. Bd3 Nc5 20. Rc1 Rfc8 21. Bxc5 dxc5 22. axb4 axb4 23. Ne3 Bd6 24. Nc4 Rab8 25. b3 Bb5 26. Nfd2 Bxc4 27. Nxc4 Ra8 28. Ra1 Nd7 29. Qc2 Nb6 30. Ne3 Qb7 31. Qe2 Rxa1 32. Rxa1 Ra8 33. Rxa8+ Qxa8 34. Ba6 g6 35. Qb5 Qb8 36. g3 Qc7 37. Kg2 Kg7 38. h4 h5 39. Qe2 Qa7 40. Qb5 Qc7 41. Qa5 Nxd5 42. Qxc7 Nxe3+ 43. fxe3 Bxc7 44. Bc4 f5 45. Kf3 Kf6 46. exf5 gxf5 47. e4 fxe4+ 48. Kxe4 Bd6 49. Kd5 Be7 50. Be2 e4 51. Kxe4 Bd6 52. Bxh5 Bxg3 53. Kd5 Bxh4 54. Kxc5 Bf2+ 55. Kxb4 Ke6 56. Kc4 1/2-1/2

[Event "Knighthood Blitz"]
[Site "Vishy Anand Arena"]
[Date "2020.08.01"]
[Round "10"]
[White "Bestluck"]
[Black "Zokapenzioner"]
[Result "1-0"]
[WhiteElo "2085"]
[BlackElo "2012"]
[Annotator "NA"]
[PlyCount "79"]
[EventDate "2020.08.01"]
[EventType "swiss (blitz)"]

1. d4 Nf6 2. Nf3 c5 3. d5 b5 4. Bg5 Qb6 5. Nc3 b4 6. Na4 Qa5 7. b3 Ne4 8. Bf4 d6 9. e3 g6 10. Bd3 Nf6 11. e4 Bg7 12. O-O O-O 13. Nb2 Bg4 14. Nc4 Qd8 15. h3 Bxf3 16. Qxf3 Nbd7 17. Rad1 a5 18. Rfe1 a4 19. e5 dxe5 20. Nxe5 Nxe5 21. Bxe5 Qxd5 22. Be4 Qxe5 23. Bxa8 Qb8 24. Bc6 e6 25. bxa4 Qc7 26. g4 Rc8 27. g5 Nh5 28. Bb5 Bd4 29. Bc4 Rd8 30. Kf1 Qh2 31. a5 Nf4 32. a6 Nxh3 33. a7 Nxg5 34. a8=Q Nxf3 35. Qxd8+ Kg7 36. Rxd4 Qg1+ 37. Ke2 Nxd4+ 38. Kd1 Qxf2 39. Bd3 c4 40. Rf1 1-0

[Event "Knighthood Blitz"]
[Site "Vishy Anand Arena"]
[Date "2020.08.01"]
[Round "10"]
[White "Position"]
[Black "himplanet"]
[Result "1-0"]
[WhiteElo "2057"]
[BlackElo "2112"]
[Annotator "NA"]
[PlyCount "103"]
[EventDate "2020.08.01"]
[EventType "swiss (blitz)"]

1. e3 d6 2. f3 g6 3. Ne2 Bg7 4. d4 e5 5. Kf2 exd4 6. exd4 Ne7 7. Nbc3 O-O 8. g3 d5 9. Bg2 c6 10. Re1 Bf5 11. Kg1 h5 12. Nf4 Re8 13. Be3 Qd7 14. Qd2 Na6 15. a3 Nc7 16. Nd3 Rad8 17. Nc5 Qc8 18. Bh6 Bxh6 19. Qxh6 b6 20. Nd3 Bxd3 21. cxd3 Nf5 22. Qf4 Ne6 23. Qd2 Qc7 24. Ne2 Nexd4 25. Nxd4 Nxd4 26. Rad1 c5 27. b4 a5 28. f4 cxb4 29. axb4 Rxe1+ 30. Rxe1 Nc6 31. Rc1 Qd6 32. bxa5 bxa5 33. Qc3 Nb4 34. Qd4 Ra8 35. Rc5 Qa6 36. Bxd5 Nxd5 37. Rxd5 a4 38. Rd6 Qa5 39. Rd7 a3 40. Qc4 Qe1+ 41. Kg2 Qe2+ 42. Kg1 Qe6 43. Qd4 Qxd7 44. Qxd7 a2 45. Kg2 a1=Q 46. Qd5 Qa2+ 47. Qxa2 Rxa2+ 48. Kf3 Kg7 49. h3 Kf6 50. g4 h4 51. Ke4 Ke6 52. g5 1-0

[Event "Knighthood Blitz"]
[Site "Vishy Anand Arena"]
[Date "2020.08.01"]
[Round "10"]
[White "Shiv01"]
[Black "kingofall"]
[Result "1-0"]
[WhiteElo "2027"]
[BlackElo "1939"]
[Annotator "NA"]
[PlyCount "87"]
[EventDate "2020.08.01"]
[EventType "swiss (blitz)"]

1. e4 e5 2. Nc3 Nf6 3. Bc4 Nc6 4. d3 Bc5 5. f4 d6 6. f5 O-O 7. Nf3 Ne7 8. Bg5 Ng4 9. Nd5 Re8 10. Nxe7+ Rxe7 11. Bxe7 Qxe7 12. Qe2 Ne3 13. c3 Bb6 14. h4 h6 15. Bb3 Bd7 16. Nd2 d5 17. Nf1 Nxf1 18. Qxf1 d4 19. c4 Qb4+ 20. Kf2 a5 21. Qe1 Qe7 22. Bd1 Bc5 23. Bf3 Bb4 24. Qe2 g6 25. g4 Rf8 26. Rag1 Kh8 27. Qd1 a4 28. Qc1 Kh7 29. g5 h5 30. f6 Qe6 31. Qd1 a3 32. bxa3 Bxa3 33. Bxh5 Qb6 34. Be2 Qb2 35. h5 Kg8 36. hxg6 fxg6 37. Rh6 Be8 38. Rgh1 Bb4 39. Rh8+ Kf7 40. R1h7+ Ke6 41. Rxf8 Bxf8 42. Qb3 Qxb3 43. axb3 Kd6 44. Bg4 1-0

[Event "Knighthood Blitz"]
[Site "Vishy Anand Arena"]
[Date "2020.08.01"]
[Round "10"]
[White "BIGIL"]
[Black "Ambitious"]
[Result "0-1"]
[WhiteElo "2022"]
[BlackElo "2218"]
[PlyCount "118"]
[EventDate "2020.08.01"]
[EventType "swiss (blitz)"]

1. e4 e6 2. d4 d5 3. Nc3 Bb4 4. exd5 exd5 5. Bd3 Nc6 6. a3 Bxc3+ 7. bxc3 Nge7 8. Ne2 Bf5 9. O-O O-O 10. Ng3 Bg6 11. Qf3 Qd7 12. Nh5 Bxd3 13. cxd3 Qf5 14. Bf4 Rac8 15. Ng3 Qd7 16. Rab1 b6 17. Nh5 f6 18. Rfe1 Ng6 19. Bg3 Rfe8 20. Nf4 Nce7 21. Qh5 Nxf4 22. Bxf4 c6 23. Bd2 Qf5 24. Qxf5 Nxf5 25. f3 Kf7 26. Kf2 h5 27. a4 Rxe1 28. Rxe1 Re8 29. Rb1 g5 30. a5 b5 31. Rc1 a6 32. g4 hxg4 33. fxg4 Nd6 34. h3 Ke6 35. Re1+ Kd7 36. Rxe8 Kxe8 37. Kg3 Nb7 38. h4 gxh4+ 39. Kxh4 Kf7 40. g5 fxg5+ 41. Kxg5 Ke6 42. Kf4 Nxa5 43. Ke3 Nb3 44. Be1 a5 45. Ke2 a4 46. Kd1 a3 47. Kc2 a2 48. Kxb3 a1=Q 49. Kb4 Qa4+ 50. Kc5 Kd7 51. Bg3 Qb3 52. Kb6 Qxc3 53. Bc7 Qxd3 54. Kb7 Qc4 55. Bb6 b4 56. Bc5 b3 57. Ba3 Qb5+ 58. Ka8 Kc8 59. Bb2 Qb7# 0-1

[Event "Knighthood Blitz"]
[Site "Vishy Anand Arena"]
[Date "2020.08.01"]
[Round "10"]
[White "michaelraj_98"]
[Black "Ishwar Lal Patel"]
[Result "1-0"]
[WhiteElo "1986"]
[BlackElo "1667"]
[Annotator "NA"]
[PlyCount "55"]
[EventDate "2020.08.01"]
[EventType "swiss (blitz)"]

1. e4 g6 2. d4 Bg7 3. Nf3 e6 4. c3 d5 5. Bd3 Ne7 6. O-O b6 7. Qe2 Bb7 8. Bg5 O-O 9. Nbd2 c5 10. exd5 Bxd5 11. c4 Bb7 12. d5 Re8 13. dxe6 f6 14. Bf4 Nbc6 15. Rad1 g5 16. Bg3 h5 17. Nb3 h4 18. Bh7+ Kxh7 19. Rxd8 Rc8 20. Rxe8 Rd8 21. Rxd8 Nxd8 22. Bd6 Nf5 23. e7 Nxe7 24. Qxe7 Bxf3 25. Qxd8 Be2 26. Re1 Bh5 27. Bf8 Kh6 28. Qxf6+ 1-0

[Event "Knighthood Blitz"]
[Site "Vishy Anand Arena"]
[Date "2020.08.01"]
[Round "10"]
[White "Savithashri"]
[Black "Unforgettable"]
[Result "1-0"]
[WhiteElo "1979"]
[BlackElo "2069"]
[Annotator "NA"]
[PlyCount "109"]
[EventDate "2020.08.01"]
[EventType "swiss (blitz)"]

1. e4 e5 2. Nf3 Nc6 3. Bc4 Bc5 4. O-O Nf6 5. d3 h6 6. Bb3 O-O 7. c3 d6 8. h3 Bb6 9. Nbd2 a6 10. Nc4 Ba7 11. Bc2 Ne7 12. d4 exd4 13. cxd4 d5 14. e5 Ne4 15. Ne3 Ng6 16. Re1 Be6 17. Nf1 Bf5 18. Be3 Qd7 19. Kh2 Rad8 20. Ng3 Nxg3 21. fxg3 Be4 22. Bf2 f5 23. exf6 Bxf3 24. gxf3 Rxf6 25. Bxg6 Rxg6 26. Re5 c6 27. f4 Bb8 28. Re1 Re6 29. Qf3 Rde8 30. Rxe6 Rxe6 31. a4 Re4 32. b4 Qf5 33. b5 axb5 34. axb5 cxb5 35. Ra8 Re8 36. Qb3 Kh7 37. Qxb5 Rc8 38. Ra2 Rc2 39. Qb3 Rxa2 40. Qxa2 Qd7 41. Qb2 b5 42. Qc2+ Kg8 43. Qb3 Qc6 44. Qb4 Bd6 45. Qa5 Qc4 46. Qd8+ Bf8 47. Kg2 b4 48. f5 b3 49. f6 b2 50. Qb6 Qd3 51. Qxb2 Qe4+ 52. Kh2 gxf6 53. Qa2 Kg7 54. Qd2 Kg6 55. Qb2 1-0

[Event "Knighthood Blitz"]
[Site "Vishy Anand Arena"]
[Date "2020.08.01"]
[Round "10"]
[White "Suvrajit Saha"]
[Black "Krithigga2001"]
[Result "0-1"]
[WhiteElo "1964"]
[BlackElo "1811"]
[Annotator "NA"]
[PlyCount "40"]
[EventDate "2020.08.01"]
[EventType "swiss (blitz)"]

1. d4 d5 2. Nf3 Nf6 3. Bf4 e6 4. e3 c5 5. c3 Nc6 6. Nbd2 Bd6 7. Bg3 Qc7 8. Bb5 O-O 9. dxc5 Bxg3 10. hxg3 Ne7 11. b4 a5 12. Qc2 axb4 13. cxb4 b6 14. Bd3 g6 15. cxb6 Qxb6 16. Qc5 Qb7 17. Ne5 Nf5 18. Bxf5 exf5 19. O-O Be6 20. Qd4 Rfc8 0-1

[Event "Knighthood Blitz"]
[Site "Vishy Anand Arena"]
[Date "2020.08.01"]
[Round "10"]
[White "Gaurav306"]
[Black "Adireddytarun"]
[Result "1-0"]
[WhiteElo "1943"]
[BlackElo "1495"]
[Annotator "NA"]
[PlyCount "55"]
[EventDate "2020.08.01"]
[EventType "swiss (blitz)"]

1. e4 c5 2. Nf3 d6 3. d4 cxd4 4. Nxd4 Nf6 5. Nc3 a6 6. Bg5 Nbd7 7. f4 Qc7 8. Qf3 b5 9. O-O-O Bb7 10. Bd3 g6 11. Nd5 Nxd5 12. exd5 Bg7 13. Nc6 Bxc6 14. dxc6 Nf6 15. h4 h5 16. Rhe1 O-O-O 17. f5 gxf5 18. Bxf5+ Kb8 19. Kb1 Rhe8 20. Rd3 d5 21. Bf4 e5 22. Bh2 Ka8 23. Bd7 Re7 24. Ra3 Ka7 25. Bg1+ Kb8 26. Rxa6 Nxd7 27. Qa3 Nb6 28. Bxb6 1-0

[Event "Knighthood Blitz"]
[Site "Vishy Anand Arena"]
[Date "2020.08.01"]
[Round "10"]
[White "kngopal"]
[Black "Sairam Ramabadra"]
[Result "0-1"]
[WhiteElo "1917"]
[BlackElo "1755"]
[Annotator "NA"]
[PlyCount "76"]
[EventDate "2020.08.01"]
[EventType "swiss (blitz)"]

1. c4 e6 2. g3 d5 3. Bg2 Nf6 4. Nf3 Be7 5. O-O O-O 6. b3 c6 7. Bb2 Nbd7 8. d4 b6 9. Nc3 Bb7 10. Rc1 Ne4 11. Nd2 f5 12. f3 Nxd2 13. Qxd2 Bg5 14. f4 Be7 15. e3 Nf6 16. a3 a5 17. Qc2 Ne4 18. Nxe4 fxe4 19. c5 b5 20. Bh3 Rf6 21. f5 exf5 22. Rxf5 Rxf5 23. Bxf5 Bg5 24. Qe2 Qf6 25. Rf1 Qh6 26. Bc1 b4 27. Rf2 Ba6 28. Qg4 Bxe3 29. Bxe3 Qxe3 30. axb4 Qe1+ 31. Kg2 e3 32. Be6+ Kh8 33. Rf7 Qd2+ 34. Kh3 Rg8 35. Qg5 axb4 36. Rxg7 Bf1+ 37. Kh4 Qxh2+ 38. Kg4 Rxg7 0-1

[Event "Knighthood Blitz"]
[Site "Vishy Anand Arena"]
[Date "2020.08.01"]
[Round "10"]
[White "Swayham"]
[Black "Perseus226"]
[Result "1-0"]
[WhiteElo "1910"]
[BlackElo "1880"]
[Annotator "NA"]
[PlyCount "101"]
[EventDate "2020.08.01"]
[EventType "swiss (blitz)"]

1. e4 e6 2. d4 d5 3. Nd2 Nf6 4. e5 Nfd7 5. Bd3 c5 6. c3 Nc6 7. Ne2 f6 8. exf6 Nxf6 9. Nf3 Bd6 10. dxc5 Bxc5 11. Bf4 O-O 12. Qc2 Bd6 13. Bg5 e5 14. Bxh7+ Kh8 15. Bg6 e4 16. Nfd4 Qb6 17. O-O Bd7 18. Rad1 Nxd4 19. Nxd4 Bxh2+ 20. Kxh2 Ng4+ 21. Kg1 Qxg6 22. Be3 Qh5 23. Rfe1 Qh2+ 24. Kf1 Qh1+ 25. Ke2 Qxg2 26. Rh1+ Kg8 27. Rdf1 Nxe3 28. Kxe3 Rae8 29. Qb3 Bc6 30. Qd1 Qg5+ 31. Ke2 e3 32. f3 Qg2+ 33. Kd3 Rf4 34. Rfg1 Rxd4+ 35. Kxd4 Qf2 36. Kc5 e2+ 37. Qd4 Qxd4+ 38. cxd4 Bd7 39. Kd6 Bb5 40. Re1 Rc8 41. Kxd5 Ba6 42. Ke5 Rc2 43. Kf4 Rd2 44. Ke3 Rxb2 45. d5 Rxa2 46. Kf2 Ra3 47. Rh4 Rd3 48. Re4 Rxd5 49. Re8+ Kf7 50. Re4 Rd1 51. Rf4+ 1-0

[Event "Knighthood Blitz"]
[Site "Vishy Anand Arena"]
[Date "2020.08.01"]
[Round "10"]
[White "Thrish"]
[Black "Arjunkalyan"]
[Result "0-1"]
[WhiteElo "1907"]
[BlackElo "2273"]
[PlyCount "76"]
[EventDate "2020.08.01"]
[EventType "swiss (blitz)"]

1. e4 c5 2. Nf3 d6 3. d4 cxd4 4. Nxd4 Nf6 5. Nc3 Nc6 6. Be3 Ng4 7. Bc1 Qb6 8. Be3 Nxe3 9. fxe3 e6 10. Bc4 Be7 11. O-O O-O 12. Kh1 a6 13. a3 Qc7 14. Bb3 b5 15. Qh5 Ne5 16. Nf3 Bf6 17. Ng5 Bxg5 18. Qxg5 Bb7 19. Rf4 Qd8 20. Qg3 Rc8 21. Raf1 Qe7 22. h4 Rc5 23. Ne2 a5 24. Nd4 a4 25. Bxe6 Bxe4 26. Bf5 Ba8 27. Bh3 Ng6 28. Nf5 Rxf5 29. Rxf5 Nxh4 30. R5f2 Be4 31. Bg4 Qg5 32. Qh3 h5 33. Bf3 Nxf3 34. gxf3 Ba8 35. Rg2 Qxe3 36. Rfg1 Qxf3 37. Kh2 Qxh3+ 38. Kxh3 Bxg2+ 0-1